Economic development of Latin America historical background and contemporary problems

Uložené v:
Podrobná bibliografia
Hlavný autor: Furtado, Cesso
Médium: Kniha
Jazyk:English
Vydavateľské údaje: Cambridge University Press 1976
Vydanie:2nd ed.
Tagy: Pridať tag
Žiadne tagy, Buďte prvý, kto otaguje tento záznam!

MARC

LEADER 00000nam a2200000 4500
001 0214964
005 20240109105200.6
041 0 |a eng 
044 |a GB 
245 1 0 |a Economic development of Latin America  |b historical background and contemporary problems  |c Cesso Furtado 
250 |a 2nd ed. 
264 1 |a Cambridge  |b University Press  |c 1976 
300 |a 317 s. 
100 1 |a Furtado, Cesso